000 00367nab a22001097u 4500
008 130520b1964 xxu||||| |||| 00| 0 spa d
041 _aspa
100 1 _aCunningham, Francis A.
_950336
245 0 0 _aTextos de Santo Tomás sobre el "esse" y la esencia
_cFrancis A. Cunningham
773 0 _tPensamiento
_gV.20, nº79,1964,págs. 283-306
_x0031-4749
_wRev321
942 _cAR
999 _c388973
_d388973